Guess 10 swiss footballers by image - Statistics

General Stats
  • This quiz has been taken 196 times
  • The average score is 8 of 10
Answer Stats
Picture Answer % Correct
Granit Xhaka
97%
Yann Sommer
97%
Breel Embolo
94%
Xherdan Shaqiri
94%
Manuel Akanji
91%
Ricardo Rodriguez
90%
Stephan Lichtsteiner
76%
Hans Seferovic
75%
Denis Zakaria
71%
Gokhan Inler
60%
No matching quizzes found
Score Distribution
Percent of People with Each Score
Percentile by Number Answered
Your Score History
You have not taken this quiz